000 00285nam a22001097a 4500
082 _a380.13BHA
100 _aBhagwati, J
245 _aThe theory and practices of commercial policy
260 _aAmerca
_bprinceton university press
_c1968
300 _avi, 74p
_bBibliography
942 _cBK
999 _c20055
_d20055